[Event "Stay Safe Play From Home 248"]
[Site "Emanuel Lasker Arena"]
[Date "2020.06.23"]
[Round "5"]
[White "SoulofWolf"]
[Black "Don59as"]
[Result "0-1"]
[WhiteElo "2171"]
[BlackElo "2084"]
[Annotator "NA"]
[PlyCount "100"]
[EventDate "2020.06.23"]
[EventType "swiss (blitz)"]

1. e4 {[%emt 0:00:00]} e5 {[%emt 0:00:01]} 2. Nc3 {[%emt 0:00:00]} Nc6 {[%emt 0:00:00]} 3. Nf3 {[%emt 0:00:00]} d6 {[%emt 0:00:00]} 4. Bb5 {[%emt 0:00:01]} Bd7 {[%emt 0:00:02]} 5. Bxc6 {[%emt 0:00:00]} bxc6 {[%emt 0:00:01]} 6. d4 {[%emt 0:00:00]} exd4 {[%emt 0:00:01]} 7. Nxd4 {[%emt 0:00:00]} Nf6 {[%emt 0:00:00]} 8. O-O {[%emt 0:00:00]} Be7 {[%emt 0:00:00]} 9. f4 {[%emt 0:00:01]} O-O {[%emt 0:00:00]} 10. Be3 {[%emt 0:00:00]} Rb8 {[%emt 0:00:01]} 11. h3 {[%emt 0:00:00]} Rxb2 {[%emt 0:00:02]} 12. Na4 {[%emt 0:00:00]} Rb8 {[%emt 0:00:02]} 13. c4 {[%emt 0:00:01]} Nxe4 {[%emt 0:00:01]} 14. Qd3 {[%emt 0:00:02]} Nc5 {[%emt 0:00:03]} 15. Nxc5 {[%emt 0:00:04]} dxc5 {[%emt 0:00:00]} 16. Nf3 {[%emt 0:00:01]} Be6 {[%emt 0:00:02]} 17. Qe2 {[%emt 0:00:02]} Bf6 {[%emt 0:00:02]} 18. Rad1 {[%emt 0:00:01]} Qe8 {[%emt 0:00:01]} 19. g4 {[%emt 0:00:02]} Rb2 {[%emt 0:00:01]} 20. Rd2 {[%emt 0:00:03]} Rxd2 {[%emt 0:00:02]} 21. Qxd2 {[%emt 0:00:00]} Bxc4 {[%emt 0:00:01]} 22. Re1 {[%emt 0:00:01]} Qd8 {[%emt 0:00:03]} 23. Qc2 {[%emt 0:00:01]} Bd3 {[%emt 0:00:03]} 24. Qxc5 {[%emt 0:00:01]} Re8 {[%emt 0:00:01]} 25. Qxa7 {[%emt 0:00:02]} Be4 {[%emt 0:00:01]} 26. Kf2 {[%emt 0:00:02]} Bh4+ {[%emt 0:00:01]} 27. Kg2 {[%emt 0:00:01]} Bxe1 {[%emt 0:00:01]} 28. Kf1 {[%emt 0:00:08]} Bxf3 {[%emt 0:00:01]} 29. Kxe1 {[%emt 0:00:00]} Qd3 {[%emt 0:00:01]} 30. Kf2 {[%emt 0:00:01]} Qe2+ {[%emt 0:00:00]} 31. Kg3 {[%emt 0:00:01]} Qxe3 {[%emt 0:00:02]} 32. Qxc7 {[%emt 0:00:02]} Bd5+ {[%emt 0:00:01]} 33. Kh4 {[%emt 0:00:01]} Qf2+ {[%emt 0:00:01]} 34. Kg5 {[%emt 0:00:01]} h6+ {[%emt 0:00:01]} 35. Kh5 {[%emt 0:00:03]} Qg3 {[%emt 0:00:02]} 36. h4 {[%emt 0:00:01]} Bf3 {[%emt 0:00:01]} 37. Qd7 {[%emt 0:00:01]} Qxg4+ {[%emt 0:00:01]} 38. Qxg4 {[%emt 0:00:01]} Bxg4+ {[%emt 0:00:00]} 39. Kxg4 {[%emt 0:00:00]} Ra8 {[%emt 0:00:01]} 40. a4 {[%emt 0:00:00]} Rxa4 {[%emt 0:00:01]} 41. Kf5 {[%emt 0:00:00]} Rd4 {[%emt 0:00:01]} 42. h5 {[%emt 0:00:00]} Rd8 {[%emt 0:00:01]} 43. Kg4 {[%emt 0:00:00]} c5 {[%emt 0:00:00]} 44. Kf5 {[%emt 0:00:00]} c4 {[%emt 0:00:00]} 45. Ke4 {[%emt 0:00:00]} c3 {[%emt 0:00:00]} 46. f5 {[%emt 0:00:00]} c2 {[%emt 0:00:00]} 47. Ke5 {[%emt 0:00:00]} c1=Q {[%emt 0:00:02]} 48. f6 {[%emt 0:00:01]} Qc5+ {[%emt 0:00:00]} 49. Kf4 {[%emt 0:00:01]} Rd4+ {[%emt 0:00:00]} 50. Kg3 {[%emt 0:00:00]} Qc3+ {[%emt 0:00:00] SoulofWolf poddaje siê (Lag: Av=0.57s, max=1.0s)} 0-1

[Event "Stay Safe Play From Home 248"]
[Site "Emanuel Lasker Arena"]
[Date "2020.06.23"]
[Round "5"]
[White "Scorpio New"]
[Black "Haxhi Baha"]
[Result "1-0"]
[WhiteElo "2164"]
[BlackElo "1954"]
[PlyCount "97"]
[EventDate "2020.06.23"]
[EventType "swiss (blitz)"]

1. d3 {[%emt 0:00:01]} d5 {[%emt 0:00:01]} 2. Nf3 {[%emt 0:00:00]} Nd7 {[%emt 0:00:01]} 3. Nbd2 {[%emt 0:00:00]} e5 {[%emt 0:00:01]} 4. c3 {[%emt 0:00:00]} f5 {[%emt 0:00:01]} 5. e4 {[%emt 0:00:00]} Ngf6 {[%emt 0:00:02]} 6. Qc2 {[%emt 0:00:01]} fxe4 {[%emt 0:00:01]} 7. dxe4 {[%emt 0:00:00]} c6 {[%emt 0:00:00]} 8. g3 {[%emt 0:00:02]} Bd6 {[%emt 0:00:01]} 9. Bg2 {[%emt 0:00:01]} O-O {[%emt 0:00:01]} 10. O-O {[%emt 0:00:01]} Re8 {[%emt 0:00:01]} 11. a4 {[%emt 0:00:01]} Nf8 {[%emt 0:00:01]} 12. h4 {[%emt 0:00:02]} Bg4 {[%emt 0:00:01]} 13. Ng5 {[%emt 0:00:01]} h6 {[%emt 0:00:02]} 14. Ngf3 {[%emt 0:00:01]} Qd7 {[%emt 0:00:01]} 15. Nh2 {[%emt 0:00:02]} Bh3 {[%emt 0:00:01]} 16. Qd3 {[%emt 0:00:02]} Bxg2 {[%emt 0:00:02]} 17. Kxg2 {[%emt 0:00:00]} Ng4 {[%emt 0:00:00]} 18. Qe2 {[%emt 0:00:02]} Nxh2 {[%emt 0:00:01]} 19. Kxh2 {[%emt 0:00:00]} Qf7 {[%emt 0:00:03]} 20. Kg2 {[%emt 0:00:02]} Ne6 {[%emt 0:00:02]} 21. Nb3 {[%emt 0:00:02]} Rf8 {[%emt 0:00:01]} 22. a5 {[%emt 0:00:01]} Rae8 {[%emt 0:00:01]} 23. Be3 {[%emt 0:00:01]} dxe4 {[%emt 0:00:02]} 24. Bxa7 {[%emt 0:00:02]} Qf3+ {[%emt 0:00:01]} 25. Qxf3 {[%emt 0:00:01]} exf3+ {[%emt 0:00:00]} 26. Kg1 {[%emt 0:00:01]} e4 {[%emt 0:00:03]} 27. Be3 {[%emt 0:00:02]} Nc7 {[%emt 0:00:02]} 28. Nc5 {[%emt 0:00:02]} Nd5 {[%emt 0:00:01]} 29. Nxb7 {[%emt 0:00:02]} Bb8 {[%emt 0:00:02]} 30. Nc5 {[%emt 0:00:02]} Nxe3 {[%emt 0:00:01]} 31. fxe3 {[%emt 0:00:00]} Bxg3 {[%emt 0:00:01]} 32. Nxe4 {[%emt 0:00:04]} Rxe4 {[%emt 0:00:02]} 33. a6 {[%emt 0:00:00]} f2+ {[%emt 0:00:02]} 34. Kg2 {[%emt 0:00:01]} Bc7 {[%emt 0:00:03]} 35. a7 {[%emt 0:00:01]} Ra8 {[%emt 0:00:01]} 36. Kf3 {[%emt 0:00:02]} Re5 {[%emt 0:00:03]} 37. Ke2 {[%emt 0:00:01]} Bb6 {[%emt 0:00:01]} 38. Ra4 {[%emt 0:00:04]} Rxe3+ {[%emt 0:00:01]} 39. Kd2 {[%emt 0:00:03]} Rxa7 {[%emt 0:00:01]} 40. Rxa7 {[%emt 0:00:02]} Bxa7 {[%emt 0:00:00]} 41. Rxf2 {[%emt 0:00:01]} Rxc3 {[%emt 0:00:01]} 42. Re2 {[%emt 0:00:02]} Rb3 {[%emt 0:00:01]} 43. Kc2 {[%emt 0:00:01]} Rb7 {[%emt 0:00:01]} 44. Rg2 {[%emt 0:00:01]} c5 {[%emt 0:00:00]} 45. Re2 {[%emt 0:00:00]} Kh7 {[%emt 0:00:00]} 46. Re6 {[%emt 0:00:00]} Rf7 {[%emt 0:00:01]} 47. h5 {[%emt 0:00:00]} Rf5 {[%emt 0:00:01]} 48. Kb3 {[%emt 0:00:00]} Rxh5 {[%emt 0:00:01]} 49. Ra6 {[%emt 0:00:00] Time (Lag: Av=0.86s, max=1.3s) '} 1-0

[Event "Stay Safe Play From Home 248"]
[Site "Emanuel Lasker Arena"]
[Date "2020.06.23"]
[Round "5"]
[White "Fischer_11"]
[Black "Bardellosport"]
[Result "0-1"]
[WhiteElo "1999"]
[BlackElo "1982"]
[Annotator "NA"]
[PlyCount "164"]
[EventDate "2020.06.23"]
[EventType "swiss (blitz)"]

1. e4 {[%emt 0:00:01]} e6 {[%emt 0:00:02]} 2. d4 {[%emt 0:00:01]} d5 {[%emt 0:00:00]} 3. Nd2 {[%emt 0:00:00]} c6 {[%emt 0:00:01]} 4. c3 {[%emt 0:00:01]} f5 {[%emt 0:00:01]} 5. exf5 {[%emt 0:00:01]} exf5 {[%emt 0:00:00]} 6. f4 {[%emt 0:00:00]} Nf6 {[%emt 0:00:00]} 7. Ngf3 {[%emt 0:00:00]} Bd6 {[%emt 0:00:00]} 8. Ne5 {[%emt 0:00:00]} Ne4 {[%emt 0:00:01]} 9. Nxe4 {[%emt 0:00:01]} dxe4 {[%emt 0:00:01]} 10. Be2 {[%emt 0:00:01]} O-O {[%emt 0:00:01]} 11. O-O {[%emt 0:00:00]} Bxe5 {[%emt 0:00:00]} 12. dxe5 {[%emt 0:00:02]} Qe7 {[%emt 0:00:00]} 13. Bd2 {[%emt 0:00:02]} Be6 {[%emt 0:00:00]} 14. Be3 {[%emt 0:00:01]} Nd7 {[%emt 0:00:01]} 15. Qd2 {[%emt 0:00:02]} Nc5 {[%emt 0:00:01]} 16. Rad1 {[%emt 0:00:01]} Rad8 {[%emt 0:00:01]} 17. Qc2 {[%emt 0:00:01]} Nd3 {[%emt 0:00:01]} 18. Bxd3 {[%emt 0:00:02]} exd3 {[%emt 0:00:00]} 19. Rxd3 {[%emt 0:00:01]} Bc4 {[%emt 0:00:01]} 20. Rxd8 {[%emt 0:00:01]} Rxd8 {[%emt 0:00:01]} 21. Rd1 {[%emt 0:00:00]} Rxd1+ {[%emt 0:00:01]} 22. Qxd1 {[%emt 0:00:00]} Bd5 {[%emt 0:00:01]} 23. Bxa7 {[%emt 0:00:02]} Qf7 {[%emt 0:00:01]} 24. b3 {[%emt 0:00:02]} Qg6 {[%emt 0:00:01]} 25. Qe2 {[%emt 0:00:02]} h5 {[%emt 0:00:01]} 26. c4 {[%emt 0:00:01]} Be6 {[%emt 0:00:01]} 27. Bf2 {[%emt 0:00:02]} Qg4 {[%emt 0:00:01]} 28. Qxg4 {[%emt 0:00:01]} hxg4 {[%emt 0:00:00]} 29. h3 {[%emt 0:00:01]} gxh3 {[%emt 0:00:01]} 30. gxh3 {[%emt 0:00:00]} Kf7 {[%emt 0:00:00]} 31. Kf1 {[%emt 0:00:00]} Kg6 {[%emt 0:00:01]} 32. Ke2 {[%emt 0:00:00]} Kh5 {[%emt 0:00:01]} 33. Ke3 {[%emt 0:00:00]} g5 {[%emt 0:00:01]} 34. Kd4 {[%emt 0:00:00]} g4 {[%emt 0:00:01]} 35. hxg4+ {[%emt 0:00:01]} Kxg4 {[%emt 0:00:00]} 36. Be3 {[%emt 0:00:02]} Kf3 {[%emt 0:00:01]} 37. Bc1 {[%emt 0:00:01]} Ke2 {[%emt 0:00:02]} 38. Kc5 {[%emt 0:00:00]} Kd1 {[%emt 0:00:02]} 39. Bb2 {[%emt 0:00:02]} Kc2 {[%emt 0:00:00]} 40. Ba3 {[%emt 0:00:01]} Kb1 {[%emt 0:00:01]} 41. Kb6 {[%emt 0:00:01]} Kxa2 {[%emt 0:00:01]} 42. Bd6 {[%emt 0:00:01]} Kxb3 {[%emt 0:00:01]} 43. c5 {[%emt 0:00:00]} Kc4 {[%emt 0:00:03]} 44. Kxb7 {[%emt 0:00:00]} Kd5 {[%emt 0:00:00]} 45. Kc7 {[%emt 0:00:01]} Ke4 {[%emt 0:00:00]} 46. Kxc6 {[%emt 0:00:01]} Bd5+ {[%emt 0:00:01]} 47. Kb6 {[%emt 0:00:01]} Kxf4 {[%emt 0:00:00]} 48. c6 {[%emt 0:00:00]} Be6 {[%emt 0:00:01]} 49. Kc7 {[%emt 0:00:01]} Ke4 {[%emt 0:00:01]} 50. Kd8 {[%emt 0:00:00]} f4 {[%emt 0:00:01]} 51. c7 {[%emt 0:00:01]} f3 {[%emt 0:00:00]} 52. c8=Q {[%emt 0:00:00]} Bxc8 {[%emt 0:00:01]} 53. Kxc8 {[%emt 0:00:00]} f2 {[%emt 0:00:00]} 54. e6 {[%emt 0:00:00]} f1=Q {[%emt 0:00:00]} 55. e7 {[%emt 0:00:00]} Qc4+ {[%emt 0:00:01]} 56. Kd7 {[%emt 0:00:01]} Qb5+ {[%emt 0:00:01]} 57. Kd8 {[%emt 0:00:01]} Qb6+ {[%emt 0:00:02]} 58. Bc7 {[%emt 0:00:01]} Qd4+ {[%emt 0:00:01]} 59. Kc8 {[%emt 0:00:01]} Qh8+ {[%emt 0:00:02]} 60. Bd8 {[%emt 0:00:02]} Qe8 {[%emt 0:00:01]} 61. Kc7 {[%emt 0:00:01]} Ke5 {[%emt 0:00:00]} 62. Kb7 {[%emt 0:00:01]} Kf6 {[%emt 0:00:00]} 63. Kb6 {[%emt 0:00:01]} Ke6 {[%emt 0:00:00]} 64. Kc5 {[%emt 0:00:00]} Qd7 {[%emt 0:00:00]} 65. Kc4 {[%emt 0:00:00]} Ke5 {[%emt 0:00:01]} 66. Kc3 {[%emt 0:00:00]} Qe8 {[%emt 0:00:01]} 67. Kb4 {[%emt 0:00:01]} Ke6 {[%emt 0:00:00]} 68. Kc5 {[%emt 0:00:00]} Kd7 {[%emt 0:00:00]} 69. Kc4 {[%emt 0:00:00]} Qf7+ {[%emt 0:00:00]} 70. Kc3 {[%emt 0:00:00]} Ke8 {[%emt 0:00:00]} 71. Kb4 {[%emt 0:00:00]} Qe6 {[%emt 0:00:00]} 72. Kc3 {[%emt 0:00:00]} Qc6+ {[%emt 0:00:00]} 73. Kd2 {[%emt 0:00:01]} Qd5+ {[%emt 0:00:01]} 74. Ke2 {[%emt 0:00:00]} Qf5 {[%emt 0:00:00]} 75. Kd2 {[%emt 0:00:01]} Qe6 {[%emt 0:00:00]} 76. Kc3 {[%emt 0:00:00]} Qa2 {[%emt 0:00:01]} 77. Kd4 {[%emt 0:00:01]} Qa1+ {[%emt 0:00:00]} 78. Kd5 {[%emt 0:00:01]} Qd1+ {[%emt 0:00:00]} 79. Kc6 {[%emt 0:00:01]} Qe2 {[%emt 0:00:00]} 80. Kb7 {[%emt 0:00:00]} Qb5+ {[%emt 0:00:01]} 81. Ka7 {[%emt 0:00:01]} Qd7+ {[%emt 0:00:00]} 82. Ka8 {[%emt 0:00:00]} Kf7 {[%emt 0:00:00] .} 0-1

[Event "Stay Safe Play From Home 248"]
[Site "Emanuel Lasker Arena"]
[Date "2020.06.23"]
[Round "5"]
[White "Grazie"]
[Black "SecantFX"]
[Result "0-1"]
[WhiteElo "1825"]
[BlackElo "1888"]
[Annotator "NA"]
[PlyCount "104"]
[EventDate "2020.06.23"]
[EventType "swiss (blitz)"]

1. d4 {[%emt 0:00:00]} b6 {[%emt 0:00:00]} 2. c3 {[%emt 0:00:00]} Bb7 {[%emt 0:00:00]} 3. Nf3 {[%emt 0:00:00]} c5 {[%emt 0:00:00]} 4. g3 {[%emt 0:00:01]} cxd4 {[%emt 0:00:00]} 5. cxd4 {[%emt 0:00:00]} Bxf3 {[%emt 0:00:00]} 6. exf3 {[%emt 0:00:01]} Nc6 {[%emt 0:00:00]} 7. Bg2 {[%emt 0:00:00]} Nf6 {[%emt 0:00:00]} 8. Be3 {[%emt 0:00:01]} d5 {[%emt 0:00:01]} 9. O-O {[%emt 0:00:01]} e6 {[%emt 0:00:00]} 10. Nd2 {[%emt 0:00:01]} Be7 {[%emt 0:00:01]} 11. a3 {[%emt 0:00:00]} O-O {[%emt 0:00:01]} 12. b4 {[%emt 0:00:00]} Rc8 {[%emt 0:00:00]} 13. Rc1 {[%emt 0:00:00]} Qd7 {[%emt 0:00:01]} 14. Qa4 {[%emt 0:00:00]} Rc7 {[%emt 0:00:02]} 15. Rc2 {[%emt 0:00:05]} Rfc8 {[%emt 0:00:01]} 16. Rfc1 {[%emt 0:00:01]} Bd6 {[%emt 0:00:01]} 17. Qb3 {[%emt 0:00:05]} Nb8 {[%emt 0:00:02]} 18. Rxc7 {[%emt 0:00:02]} Rxc7 {[%emt 0:00:00]} 19. Rxc7 {[%emt 0:00:02]} Qxc7 {[%emt 0:00:01]} 20. f4 {[%emt 0:00:01]} Nfd7 {[%emt 0:00:03]} 21. b5 {[%emt 0:00:01]} f5 {[%emt 0:00:01]} 22. a4 {[%emt 0:00:01]} Nf6 {[%emt 0:00:01]} 23. h3 {[%emt 0:00:02]} Nbd7 {[%emt 0:00:01]} 24. Bf3 {[%emt 0:00:02]} h6 {[%emt 0:00:01]} 25. g4 {[%emt 0:00:01]} Ne4 {[%emt 0:00:00]} 26. Nxe4 {[%emt 0:00:02]} fxe4 {[%emt 0:00:00]} 27. Be2 {[%emt 0:00:01]} Bxf4 {[%emt 0:00:01]} 28. Bxf4 {[%emt 0:00:01]} Qxf4 {[%emt 0:00:00]} 29. Qe3 {[%emt 0:00:02]} Qf7 {[%emt 0:00:02]} 30. Kg2 {[%emt 0:00:01]} Nf6 {[%emt 0:00:01]} 31. f3 {[%emt 0:00:01]} exf3+ {[%emt 0:00:01]} 32. Bxf3 {[%emt 0:00:00]} Qg6 {[%emt 0:00:02]} 33. Qxe6+ {[%emt 0:00:02]} Kh7 {[%emt 0:00:01]} 34. Qf5 {[%emt 0:00:04]} Qxf5 {[%emt 0:00:02]} 35. gxf5 {[%emt 0:00:01]} Kg8 {[%emt 0:00:02]} 36. Kg3 {[%emt 0:00:00]} Kf7 {[%emt 0:00:00]} 37. Kf4 {[%emt 0:00:01]} Ke7 {[%emt 0:00:00]} 38. Ke5 {[%emt 0:00:01]} Nd7+ {[%emt 0:00:03]} 39. Kxd5 {[%emt 0:00:01]} Nf6+ {[%emt 0:00:00]} 40. Ke5 {[%emt 0:00:00]} Kd7 {[%emt 0:00:01]} 41. d5 {[%emt 0:00:01]} Ne8 {[%emt 0:00:01]} 42. Bg4 {[%emt 0:00:03]} Nf6 {[%emt 0:00:02]} 43. Bf3 {[%emt 0:00:02]} Ne8 {[%emt 0:00:01]} 44. Be2 {[%emt 0:00:01]} Nd6 {[%emt 0:00:01]} 45. Bg4 {[%emt 0:00:01]} Nc4+ {[%emt 0:00:01]} 46. Kd4 {[%emt 0:00:01]} Nd2 {[%emt 0:00:04]} 47. f6+ {[%emt 0:00:01]} Ke8 {[%emt 0:00:00]} 48. fxg7 {[%emt 0:00:01]} Kf7 {[%emt 0:00:00]} 49. Be6+ {[%emt 0:00:01]} Kxg7 {[%emt 0:00:01]} 50. d6 {[%emt 0:00:00]} Nf3+ {[%emt 0:00:00]} 51. Kd5 {[%emt 0:00:01]} Ng5 {[%emt 0:00:00]} 52. d7 {[%emt 0:00:01]} Nxe6 {[%emt 0:00:01] Zeit (Lag: Av=0.51s, max=1.0s) .} 0-1

[Event "Stay Safe Play From Home 248"]
[Site "Emanuel Lasker Arena"]
[Date "2020.06.23"]
[Round "5"]
[White "Dave_H"]
[Black "Germanicus G"]
[Result "0-1"]
[WhiteElo "1771"]
[BlackElo "1282"]
[Annotator "NA"]
[PlyCount "50"]
[EventDate "2020.06.23"]
[EventType "swiss (blitz)"]
[WhiteTeam "SK Vellmar"]

{Halt, David (2088)} 1. e4 {[%emt 0:00:01]} b6 {[%emt 0:00:00]} 2. d4 {[%emt 0:00:01]} Bb7 {[%emt 0:00:00]} 3. Nc3 {[%emt 0:00:02]} e6 {[%emt 0:00:00]} 4. f4 {[%emt 0:00:03]} Bb4 {[%emt 0:00:00]} 5. Bd3 {[%emt 0:00:03]} Bxc3+ {[%emt 0:00:00]} 6. bxc3 {[%emt 0:00:02]} Nf6 {[%emt 0:00:01]} 7. Qe2 {[%emt 0:00:02]} d5 {[%emt 0:00:02]} 8. e5 {[%emt 0:00:03]} Ne4 {[%emt 0:00:01]} 9. Bxe4 {[%emt 0:00:01]} dxe4 {[%emt 0:00:01]} 10. Be3 {[%emt 0:00:03]} Qd5 {[%emt 0:00:01]} 11. c4 {[%emt 0:00:02]} Qa5+ {[%emt 0:00:04]} 12. Bd2 {[%emt 0:00:04]} Qa4 {[%emt 0:00:01]} 13. Bc3 {[%emt 0:00:07]} Nd7 {[%emt 0:00:03]} 14. Nh3 {[%emt 0:00:03]} c5 {[%emt 0:00:01]} 15. f5 {[%emt 0:00:11]} cxd4 {[%emt 0:00:02]} 16. fxe6 {[%emt 0:00:04]} fxe6 {[%emt 0:00:05]} 17. Qg4 {[%emt 0:00:01]} Kd8 {[%emt 0:00:02]} 18. Qxe6 {[%emt 0:00:01]} dxc3 {[%emt 0:00:04]} 19. Ng5 {[%emt 0:00:01]} Kc8 {[%emt 0:00:03]} 20. Nf7 {[%emt 0:00:01]} Rd8 {[%emt 0:00:02]} 21. Nd6+ {[%emt 0:00:00]} Kc7 {[%emt 0:00:01]} 22. Nb5+ {[%emt 0:00:02]} Qxb5 {[%emt 0:00:06]} 23. cxb5 {[%emt 0:00:00]} Nc5 {[%emt 0:00:02]} 24. Qd6+ {[%emt 0:00:00]} Rxd6 {[%emt 0:00:01]} 25. exd6+ {[%emt 0:00:01]} Kxd6 {[%emt 0:00:01] Zeit (Lag: Av=0.17s, max=0.2s) .} 0-1

[Event "Stay Safe Play From Home 248"]
[Site "Emanuel Lasker Arena"]
[Date "2020.06.23"]
[Round "5"]
[White "Trotsky"]
[Black "Buzaglo"]
[Result "1-0"]
[WhiteElo "1539"]
[BlackElo "1899"]
[Annotator "NA"]
[PlyCount "51"]
[EventDate "2020.06.23"]
[EventType "swiss (blitz)"]

1. d4 {[%emt 0:00:01]} e6 {[%emt 0:00:01]} 2. e3 {[%emt 0:00:00]} c5 {[%emt 0:00:00]} 3. c4 {[%emt 0:00:01]} cxd4 {[%emt 0:00:00]} 4. exd4 {[%emt 0:00:01]} Bb4+ {[%emt 0:00:01]} 5. Nc3 {[%emt 0:00:01]} Nf6 {[%emt 0:00:01]} 6. Be3 {[%emt 0:00:01]} O-O {[%emt 0:00:01]} 7. Bd3 {[%emt 0:00:01]} d5 {[%emt 0:00:02]} 8. Qc2 {[%emt 0:00:01]} dxc4 {[%emt 0:00:01]} 9. Bxc4 {[%emt 0:00:01]} Nc6 {[%emt 0:00:01]} 10. O-O-O {[%emt 0:00:02]} Bxc3 {[%emt 0:00:01]} 11. bxc3 {[%emt 0:00:01]} Qa5 {[%emt 0:00:02]} 12. Nf3 {[%emt 0:00:04]} b5 {[%emt 0:00:01]} 13. Bd3 {[%emt 0:00:01]} b4 {[%emt 0:00:01]} 14. Ng5 {[%emt 0:00:01]} g6 {[%emt 0:00:05]} 15. h4 {[%emt 0:00:01]} Qa3+ {[%emt 0:00:04]} 16. Kb1 {[%emt 0:00:02]} bxc3 {[%emt 0:00:02]} 17. Bc1 {[%emt 0:00:04]} Rb8+ {[%emt 0:00:01]} 18. Ka1 {[%emt 0:00:01]} Qa5 {[%emt 0:00:06]} 19. h5 {[%emt 0:00:02]} Nb4 {[%emt 0:00:01]} 20. Qb1 {[%emt 0:00:05]} c2 {[%emt 0:00:03]} 21. Bxc2 {[%emt 0:00:04]} Nxc2+ {[%emt 0:00:01]} 22. Qxc2 {[%emt 0:00:01]} e5 {[%emt 0:00:04]} 23. hxg6 {[%emt 0:00:01]} fxg6 {[%emt 0:00:01]} 24. Rxh7 {[%emt 0:00:01]} Nxh7 {[%emt 0:00:01]} 25. Qxg6+ {[%emt 0:00:01]} Kh8 {[%emt 0:00:07]} 26. Qxh7# {[%emt 0:00:01] (Lag: Av=0.42s, max=1.0s)} 1-0

[Event "Stay Safe Play From Home 248"]
[Site "Emanuel Lasker Arena"]
[Date "2020.06.23"]
[Round "6"]
[White "Mepe_Nika"]
[Black "Bardellosport"]
[Result "1-0"]
[WhiteElo "2384"]
[BlackElo "2000"]
[PlyCount "119"]
[EventDate "2020.06.23"]
[EventType "swiss (blitz)"]

1. d4 {[%emt 0:00:00]} e6 {[%emt 0:00:01]} 2. Bf4 {[%emt 0:00:00]} d5 {[%emt 0:00:01]} 3. e3 {[%emt 0:00:00]} Nf6 {[%emt 0:00:00]} 4. c3 {[%emt 0:00:01]} b6 {[%emt 0:00:01]} 5. Nd2 {[%emt 0:00:01]} Bb7 {[%emt 0:00:01]} 6. Bd3 {[%emt 0:00:01]} Nbd7 {[%emt 0:00:01]} 7. Ngf3 {[%emt 0:00:01]} Bd6 {[%emt 0:00:01]} 8. Bxd6 {[%emt 0:00:01]} cxd6 {[%emt 0:00:00]} 9. O-O {[%emt 0:00:00]} Qe7 {[%emt 0:00:00]} 10. Re1 {[%emt 0:00:01]} Ne4 {[%emt 0:00:01]} 11. Qc2 {[%emt 0:00:02]} f5 {[%emt 0:00:01]} 12. Red1 {[%emt 0:00:03]} O-O {[%emt 0:00:01]} 13. Ne1 {[%emt 0:00:00]} Nxd2 {[%emt 0:00:01]} 14. Qxd2 {[%emt 0:00:01]} g6 {[%emt 0:00:01]} 15. f3 {[%emt 0:00:01]} e5 {[%emt 0:00:01]} 16. Nc2 {[%emt 0:00:03]} e4 {[%emt 0:00:01]} 17. Be2 {[%emt 0:00:01]} Nf6 {[%emt 0:00:02]} 18. Re1 {[%emt 0:00:03]} Rae8 {[%emt 0:00:01]} 19. Bb5 {[%emt 0:00:03]} Rd8 {[%emt 0:00:01]} 20. a4 {[%emt 0:00:01]} a6 {[%emt 0:00:01]} 21. Bf1 {[%emt 0:00:02]} g5 {[%emt 0:00:01]} 22. g3 {[%emt 0:00:01]} g4 {[%emt 0:00:01]} 23. f4 {[%emt 0:00:01]} h5 {[%emt 0:00:01]} 24. c4 {[%emt 0:00:01]} dxc4 {[%emt 0:00:01]} 25. Bxc4+ {[%emt 0:00:01]} d5 {[%emt 0:00:01]} 26. Bf1 {[%emt 0:00:02]} a5 {[%emt 0:00:01]} 27. Na3 {[%emt 0:00:01]} Bc6 {[%emt 0:00:04]} 28. b3 {[%emt 0:00:02]} Qb4 {[%emt 0:00:02]} 29. Qxb4 {[%emt 0:00:01]} axb4 {[%emt 0:00:00]} 30. Nc2 {[%emt 0:00:01]} Rc8 {[%emt 0:00:03]} 31. Nxb4 {[%emt 0:00:01]} Ba8 {[%emt 0:00:02]} 32. Rec1 {[%emt 0:00:00]} Nd7 {[%emt 0:00:01]} 33. Bb5 {[%emt 0:00:01]} Nb8 {[%emt 0:00:02]} 34. Kf2 {[%emt 0:00:02]} h4 {[%emt 0:00:01]} 35. gxh4 {[%emt 0:00:01]} Rcd8 {[%emt 0:00:03]} 36. Kg3 {[%emt 0:00:01]} Rf7 {[%emt 0:00:01]} 37. Rc3 {[%emt 0:00:01]} Kg7 {[%emt 0:00:01]} 38. Rac1 {[%emt 0:00:00]} Rh8 {[%emt 0:00:01]} 39. Rc7 {[%emt 0:00:01]} Rh7 {[%emt 0:00:02]} 40. Rxf7+ {[%emt 0:00:01]} Kxf7 {[%emt 0:00:00]} 41. Rc7+ {[%emt 0:00:01]} Kg6 {[%emt 0:00:01]} 42. Rc8 {[%emt 0:00:01]} Rb7 {[%emt 0:00:03]} 43. Bc6 {[%emt 0:00:04]} Nxc6 {[%emt 0:00:01]} 44. Rxc6+ {[%emt 0:00:00]} Kf7 {[%emt 0:00:03]} 45. Rc8 {[%emt 0:00:01]} Ra7 {[%emt 0:00:01]} 46. h5 {[%emt 0:00:01]} b5 {[%emt 0:00:02]} 47. axb5 {[%emt 0:00:01]} Ra1 {[%emt 0:00:02]} 48. Kh4 {[%emt 0:00:01]} Rg1 {[%emt 0:00:00]} 49. Kg5 {[%emt 0:00:01]} Bb7 {[%emt 0:00:00]} 50. Rc7+ {[%emt 0:00:01]} Ke8 {[%emt 0:00:01]} 51. Rxb7 {[%emt 0:00:00]} Kd8 {[%emt 0:00:00]} 52. Kxf5 {[%emt 0:00:01]} Kc8 {[%emt 0:00:00]} 53. Rg7 {[%emt 0:00:01]} g3 {[%emt 0:00:00]} 54. Rxg3 {[%emt 0:00:01]} Rc1 {[%emt 0:00:01]} 55. h6 {[%emt 0:00:00]} Rc7 {[%emt 0:00:00]} 56. h7 {[%emt 0:00:00]} Rxh7 {[%emt 0:00:00]} 57. Rg8+ {[%emt 0:00:01]} Kc7 {[%emt 0:00:01]} 58. Rg6 {[%emt 0:00:00]} Rh5+ {[%emt 0:00:00]} 59. Kf6 {[%emt 0:00:01]} Rxh2 {[%emt 0:00:00]} 60. Kf7 {[%emt 0:00:00] Tempo (Lag: Av=0.32s, max=0.7s)} 1-0

[Event "Stay Safe Play From Home 248"]
[Site "Emanuel Lasker Arena"]
[Date "2020.06.23"]
[Round "6"]
[White "Don59as"]
[Black "Scorpio New"]
[Result "1-0"]
[WhiteElo "2105"]
[BlackElo "2172"]
[Annotator "NA"]
[PlyCount "59"]
[EventDate "2020.06.23"]
[EventType "swiss (blitz)"]

1. c4 {[%emt 0:00:01]} d6 {[%emt 0:00:00]} 2. Nc3 {[%emt 0:00:01]} g6 {[%emt 0:00:00]} 3. g3 {[%emt 0:00:00]} Bg7 {[%emt 0:00:00]} 4. Bg2 {[%emt 0:00:00]} Nd7 {[%emt 0:00:00]} 5. e3 {[%emt 0:00:00]} c6 {[%emt 0:00:00]} 6. Nge2 {[%emt 0:00:00]} Qc7 {[%emt 0:00:00]} 7. O-O {[%emt 0:00:00]} e5 {[%emt 0:00:00]} 8. b3 {[%emt 0:00:00]} Ne7 {[%emt 0:00:00]} 9. Bb2 {[%emt 0:00:00]} O-O {[%emt 0:00:00]} 10. d4 {[%emt 0:00:00]} Nf6 {[%emt 0:00:03]} 11. Rc1 {[%emt 0:00:01]} a5 {[%emt 0:00:01]} 12. Qd2 {[%emt 0:00:00]} Qd8 {[%emt 0:00:01]} 13. Rfd1 {[%emt 0:00:01]} Qe8 {[%emt 0:00:01]} 14. dxe5 {[%emt 0:00:01]} dxe5 {[%emt 0:00:00]} 15. Na4 {[%emt 0:00:01]} Nf5 {[%emt 0:00:02]} 16. Nb6 {[%emt 0:00:01]} Rb8 {[%emt 0:00:01]} 17. Qxa5 {[%emt 0:00:02]} Be6 {[%emt 0:00:04]} 18. Bxe5 {[%emt 0:00:02]} Rd8 {[%emt 0:00:02]} 19. Nd4 {[%emt 0:00:03]} Nxd4 {[%emt 0:00:02]} 20. exd4 {[%emt 0:00:01]} Bg4 {[%emt 0:00:01]} 21. Re1 {[%emt 0:00:02]} Be6 {[%emt 0:00:04]} 22. d5 {[%emt 0:00:01]} cxd5 {[%emt 0:00:00]} 23. cxd5 {[%emt 0:00:01]} Nxd5 {[%emt 0:00:11]} 24. Nxd5 {[%emt 0:00:03]} Bxe5 {[%emt 0:00:02]} 25. Rxe5 {[%emt 0:00:01]} Qc6 {[%emt 0:00:01]} 26. Rxc6 {[%emt 0:00:02]} bxc6 {[%emt 0:00:01]} 27. Ne3 {[%emt 0:00:03]} Kg7 {[%emt 0:00:01]} 28. h4 {[%emt 0:00:01]} h5 {[%emt 0:00:01]} 29. Rxe6 {[%emt 0:00:01]} fxe6 {[%emt 0:00:01]} 30. Qe5+ {[%emt 0:00:01] Scorpio New abbandona (Lag: Av=0.41s, max=1.0s)} 1-0